| 000 | 00705nam a2200217 i 4500 | ||
|---|---|---|---|
| 001 | 122040 | ||
| 003 | ES-MaACL | ||
| 005 | 20230906191908.0 | ||
| 007 | t| | ||
| 008 | 070214s1960 sp a |||| | spa d | ||
| 130 | 0 |
_aPoema del Cid. _9123904 |
|
| 245 | 1 | 3 |
_aEl Poema del Cid / _cselección, estudio y notas por Jimena Menéndez Pidal. |
| 250 | _a3ª ed. il. | ||
| 260 |
_aZaragoza [etc.] : _bEbro, _c1960. |
||
| 300 |
_a142 p. : _bil. ; _c18 cm. |
||
| 490 | 1 |
_aBiblioteca clásica Ebro ; _v26. _aSerie verso ; _v10 |
|
| 700 | 1 |
_aMenéndez Pidal, Jimena. _980313 |
|
| 830 | 0 |
_aBiblioteca clásica Ebro ; _v26. _aSerie verso ; _v10 _9218812 |
|
| 852 |
_aES-MaACL _jG-13701 |
||
| 999 |
_c122040 _d122040 |
||